Využitie strojového učenia na predikciu odozvy a odhad parametrov dynamického systému

Enregistré dans:
Détails bibliographiques
Auteur principal: Bôžik, Štefan (Auteur)
Autres auteurs: Gulan, Martin (Directeur de thèse)
Format: Manuscrit Livre
Langue:slovaque
Publié: 2022
Sujets:
Accès en ligne:http://is.stuba.sk/zp/portal_zp.pl?podrobnosti=171666
Tags: Ajouter un tag
Pas de tags, Soyez le premier à ajouter un tag!

MARC

LEADER 00000ntm a22000003a 4500
001 stuzp90353
003 SK-STU
005 20231218103904.7
007 ta
008 150427s2015----xo-----f-mn---000-0-slo-d
040 |a STU  |b slo 
041 0 |a slo 
100 1 |a Bôžik, Štefan  |u 020020  |4 aut  |U SjF Strojnícka fakulta  |T SjF Ústav automatizácie, merania a aplikovanej informatiky  |X 104905  |U J0020  |Y 802  |7 104905 
242 0 1 |a Application of machine learning for response prediction and parameter estimation of a dynamical system  |y eng 
245 1 0 |a Využitie strojového učenia na predikciu odozvy a odhad parametrov dynamického systému 
260 |c 2022 
650 4 |a strojové učenie  |2 slo 
650 4 |a odhad parametrov  |2 slo 
650 4 |a neurónová sieť  |2 slo 
650 4 |a kmitanie  |2 slo 
650 4 |a python  |2 slo 
650 4 |a machine leraning  |2 eng 
650 4 |a parameter estimation  |2 eng 
650 4 |a neural network  |2 eng 
650 4 |a vibration  |2 eng 
650 4 |a python  |2 eng 
700 1 |a Gulan, Martin  |u 020020  |k Z1  |4 ths  |U SjF Strojnícka fakulta  |T SjF Ústav automatizácie, merania a aplikovanej informatiky  |X 49587  |U J0020  |Y 802  |7 A000049587 
856 4 |u http://is.stuba.sk/zp/portal_zp.pl?podrobnosti=171666 
996 |b 284J047279  |c J* 3519/DBP  |l JJSK  |s A  |a 24  |w stuzp90353_0001